|
|
|
|
| LEADER |
00000cam a2200000 a 4500 |
| 001 |
vtls009629465 |
| 003 |
SK-MaSNL |
| 005 |
20260302061556.0 |
| 008 |
240315s2009 xo a f 000 0 slo |
| 015 |
|
|
|a SNBA2011/06-03348
|
| 020 |
|
|
|a 9788080791148
|q (brož.)
|
| 035 |
|
|
|a 321508A2-C871-4E95-A3BD-738F8F1C8A08
|
| 035 |
|
|
|a urn:nbn:sk:snk-amlfdk
|
| 035 |
|
|
|a urn:nbn:sk:snk-am008xde
|
| 040 |
|
|
|a SNK
|b slo
|c SNK
|e AACR2
|
| 041 |
0 |
|
|a slo
|
| 043 |
|
|
|a a-is---
|
| 044 |
|
|
|a xo
|c SK
|
| 072 |
|
7 |
|a 323
|x Vnútropolitický vývoj, politický život
|2 konspekt
|
| 080 |
|
|
|a 323.12(=411.16)
|2 2001
|
| 080 |
|
|
|a 323.13(=411.16)
|2 2001
|
| 080 |
|
|
|a 26
|2 2001
|
| 080 |
|
|
|a (569.4)
|2 2001
|
| 080 |
|
|
|a 323.1
|2 2001
|
| 080 |
|
|
|a 2-6
|2 2001
|
| 080 |
|
|
|a (048.8)
|2 2001
|
| 080 |
|
|
|a 94(569.4-076)
|2 2001
|
| 080 |
|
|
|a (=1:569)
|2 2001
|
| 080 |
|
|
|a 26-67:28
|2 2001
|
| 080 |
|
|
|a 328/329
|2 2001
|
| 100 |
1 |
|
|a Saleh, Nidal,
|d 1936-
|4 aut
|9 114565
|
| 245 |
1 |
0 |
|a Nedotknuteľní?
|b príbeh jednej knihy : čo sa skrýva za pokusmi o umlčanie jednej knihy
|c Nidal Saleh
|
| 250 |
|
|
|a 2. vyd.
|
| 260 |
|
|
|a [Slovensko]
|b Nidal Saleh
|c 2009
|
| 300 |
|
|
|a 163 s.
|b mp.
|c 21 cm
|
| 500 |
|
|
|a Vydané vlastným nákladom
|
| 504 |
|
|
|a Bibliogr. s. 160-162
|
| 650 |
0 |
7 |
|a arabsko-izraelské konflikty
|2 SNKPH
|9 4758
|
| 650 |
0 |
7 |
|a Israel-Arab conflicts
|2 SNKPHeng
|9 363365
|
| 650 |
0 |
7 |
|a palestínski Arabi
|2 SNKPH
|9 87883
|
| 650 |
0 |
7 |
|a Palestinian Arabs
|2 SNKPHeng
|9 363367
|
| 650 |
0 |
7 |
|a judaizmus a islam
|2 SNKPH
|9 69207
|
| 650 |
0 |
7 |
|a Judaism and Islam
|2 SNKPHeng
|9 495803
|
| 650 |
0 |
7 |
|a antisemitizmus
|2 SNKPH
|9 4246
|
| 650 |
0 |
7 |
|a sionizmus
|2 SNKPH
|9 14992
|
| 650 |
0 |
7 |
|a judaizmus
|2 SNKPH
|9 1840
|
| 650 |
0 |
7 |
|a Antisemitism
|2 SNKPHeng
|9 275559
|
| 650 |
0 |
7 |
|a Zionism
|2 SNKPHeng
|9 336714
|
| 650 |
0 |
7 |
|a Judaism
|2 SNKPHeng
|9 276270
|
| 651 |
|
7 |
|a Izrael
|2 SNKPH
|9 16888
|
| 651 |
|
7 |
|a Israel
|x ethnic relations
|2 SNKPHeng
|9 487757
|
| 651 |
|
7 |
|a Israel
|x religious conditions
|2 SNKPHeng
|9 720547
|
| 651 |
|
7 |
|a Izrael
|2 SNKPHeng
|9 16888
|
| 655 |
|
7 |
|a monografie
|2 SNKPH
|9 70139
|
| 655 |
|
7 |
|a Monographs
|2 SNKPHeng
|9 120675
|
| 919 |
|
|
|a 978-80-8079-114-8
|
| 958 |
|
|
|a OP
|
| 958 |
|
|
|a NB
|
| 958 |
|
|
|a ZD
|
| 958 |
|
|
|a NM
|
| 958 |
|
|
|a OND
|
| 968 |
|
|
|b ENG
|d 93/94
|
| 999 |
|
|
|c 1125913
|d 1127843
|
| 952 |
|
|
|a SNK
|b SNK
|y PREZ
|7 0
|p 17A0681712
|o snkSC 143086
|i snk2010/26856
|8 0
|0 0
|1 0
|4 0
|d 2010-12-03
|l 0
|r 2025-07-10 00:00:00
|w 2026-02-24
|
| 952 |
|
|
|a SNK
|b SNK
|y VYP
|7 0
|p 17A0681711
|o snkSC 143086 D1
|i snk2010/26857
|8 0
|0 0
|1 0
|4 0
|d 2010-12-03
|f 1
|l 0
|r 2026-02-24 18:45:34
|w 2026-02-24
|